| 000 | 007610000a22001210004500 | ||
|---|---|---|---|
| 100 | 1 | _aBuyst, Ione | |
| 245 | 1 | 0 | _aBatismo cristâo e compromisso ecológico. |
| 300 | _ano.31 (may., 2010), p. 3-5 | ||
| 520 | _aEntre as muitas catástrofes naturais dos ultimos tempos, as discussôes da ONU sobre clima, e liturgia, há no mínimo um elemento em comum: a água. Excesso e falta de água permeiam todos os tópicos citados. A água é um elemento fundamental para os cristaôs. Nascemos para dentro da Igreja a partir do banho batismal na água. Este banho torna-nos cristâos, corpo de Cristo no mundo, corresponsáveis pela justiça e a paz nâo só entre as pessoas, mas entre todos os seres vivientes. | ||
| 650 | 1 | 4 | _aBAUTISMO |
| 773 | 0 | _tTEAR | |
| 942 | _cANA | ||
| 999 |
_c63125 _d63125 |
||